00195nam a2200085 a 4500008004100000050001500041100001800056245002600074350000900100120416s9999 xx |||||||||||||| || u aTD 883 Bac aBach, Wilfrid10aAtmospheric pollution a0.00